(Hard) Harry Potter Trivia - Statistics

General Stats
  • This quiz has been taken 6,163 times
    5,073 since last reset
  • The average score is 10 of 16
Answer Stats
Hint Answer % Correct
The colour of Hermione's dress at the Yule Ball (books) Periwinkle blue
95%
Who's the main character? Harry Potter
94%
What is Hermione's patronus? Otter
86%
How many unregistered animagi are there in the series? Four - Rita Skeeter and the three Maraurders.
80%
The country who caught the Snitch in the 4th book's Quidditch World Cup Bulgaria
77%
What is quicker and easier than falling asleep? Death
73%
In which country is Hogwarts located? Scotland
73%
Professor Lockhart's favourite colour Lilac
72%
To see them, you must have also seen death Thestrals
69%
What were the last three words of the series? All was well
44%
What are the house colours of Ravenclaw? Bronze and blue
43%
Who fell into the Lake the first time they went to Hogwarts? Dennis Creevey
37%
Hepzibah's house-elf Hokey
35%
What spell creates the dark mark? Morsmordre
35%
What were Severus Snape's last words? Look at me
31%
Ron misspells his name as this because of Fred/George's prank Roonil wazlib
21%
No matching quizzes found
Score Distribution
Percent of People with Each Score
Percentile by Number Answered
Your Score History
You have not taken this quiz since the last reset